000 00283nam a2200109Ia 4500
008 230320s9999||||xx |||||||||||||| ||spa||
082 _a370.152/A74
100 _aArmstrong, Thomas, 1898 -
245 0 _aLas Inteligencias MĂșltiples En El Aula
260 _bManantial
942 _80
_cLIB
999 _c51059
_d51059